Where the U.S. Presidents Went to College - Statistics

General Stats
  • This quiz has been taken 82 times
    54 since last reset
  • The average score is 11 of 25
Answer Stats
Hint Answer % Correct
John Adams, John Quincy Adams, Theodore Roosevelt, Franklin Roosevelt, JFK Harvard University (Cambridge, MA)
98%
William Taft, George H.W. Bush, George W. Bush Yale University (New Haven, CT)
96%
Barack Obama (after transferring as a junior) Columbia University (NY,NY)
80%
James Madison, Woodrow Wilson, JFK (transferred out) Princeton University (Princeton, NJ)
80%
Donald Trump Wharton School of the University of Pennsylvania (Philadelphia, PA)
76%
Gerald Ford University of Michigan (Ann Arbor, MI)
71%
Herbert Hoover Stanford University (Stanford, CA)
64%
George Washington (surveyor's certificate), Thomas Jefferson, James Monroe, John Tyler College of William & Mary (Williamsburg, VA)
60%
Ulysses Grant, Dwight Eisenhower United States Military Academy (West Point, NY)
53%
Jimmy Carter United States Naval Academy (Annapolis, MD)
49%
Bill Clinton Georgetown University (Washington, DC)
47%
Richard Nixon Whittier College (Whittier, CA)
40%
Lyndon Johnson Texas State University (San Marcos, TX)
36%
James Polk University of North Carolina at Chapel Hill
36%
Barack Obama (transferred out junior year) Occidental College (Los Angeles, CA)
31%
Calvin Coolidge Amherst College (Amherst, MA)
29%
Ronald Reagan Eureka College (Eureka, IL)
29%
Benjamin Harrison Miami University (Oxford, OH)
24%
James Buchanan Dickinson College (Carlisle, PA)
22%
James Garfield Williams College (Williamstown, MA)
22%
Franklin Pierce Bowdoin College (Brunswick, ME)
20%
Chester Arthur Union College (Schenectady, NY)
18%
Warren G. Harding (SCHOOL NO LONGER EXISTS) Ohio Central College (Iberia, OH)
16%
Rutherford Hayes Kenyon College (Gambier, OH)
13%
William McKinley (withdrew after 1 year) Allegheny College (Meadville, PA)
4%
No matching quizzes found
Score Distribution
Percent of People with Each Score
Percentile by Number Answered
Your Score History
You have not taken this quiz since the last reset